Detalles MARC
| 000 -LEADER |
| fixed length control field |
02774nam a2200469 i 4500 |
| 001 - CONTROL NUMBER |
| control field |
DIGPUZ0633 |
| 003 - CONTROL NUMBER IDENTIFIER |
| control field |
NyNyDIG |
| 007 - PHYSICAL DESCRIPTION FIXED FIELD--GENERAL INFORMATION |
| fixed length control field |
cr ||||||||||| |
| 008 - FIXED-LENGTH DATA ELEMENTS--GENERAL INFORMATION |
| fixed length control field |
200420s2015 sp ob 000 0 spa d |
| 006 - FIXED-LENGTH DATA ELEMENTS--ADDITIONAL MATERIAL CHARACTERISTICS |
| fixed length control field |
m o d |
| 035 ## - SYSTEM CONTROL NUMBER |
| System control number |
(OCoLC)1152779580 |
| 040 ## - CATALOGING SOURCE |
| Original cataloging agency |
DGITA |
| Language of cataloging |
eng |
| Description conventions |
rda |
| -- |
pn |
| Transcribing agency |
DGITA |
| 020 ## - INTERNATIONAL STANDARD BOOK NUMBER |
| International Standard Book Number |
9788416933655 |
| Qualifying information |
eBook |
| -- |
pdf |
| 020 ## - INTERNATIONAL STANDARD BOOK NUMBER |
| International Standard Book Number |
8416933650 |
| Qualifying information |
eBook |
| -- |
pdf |
| 020 ## - INTERNATIONAL STANDARD BOOK NUMBER |
| Canceled/invalid ISBN |
9788416515080 |
| 020 ## - INTERNATIONAL STANDARD BOOK NUMBER |
| Canceled/invalid ISBN |
8416515085 |
| 050 14 - LIBRARY OF CONGRESS CALL NUMBER |
| Classification number |
DE8 ebook |
| 082 04 - DEWEY DECIMAL CLASSIFICATION NUMBER |
| Classification number |
938.0072 |
| 245 03 - TITLE STATEMENT |
| Title |
La antigüedad como paradigma : |
| Remainder of title |
espejismos, mitos y silencios en el uso de la historia del mundo clásico por los modernos / |
| Statement of responsibility, etc. |
Laura Sancho Rocher (coord.) |
| 250 ## - EDITION STATEMENT |
| Edition statement |
1a edición. |
| 264 #1 - PRODUCTION, PUBLICATION, DISTRIBUTION, MANUFACTURE, AND COPYRIGHT NOTICE |
| Place of production, publication, distribution, manufacture |
Zaragoza, España : |
| Name of producer, publisher, distributor, manufacturer |
Prensas de la Universidad de Zaragoza, |
| Date of production, publication, distribution, manufacture, or copyright notice |
2015. |
| 300 ## - PHYSICAL DESCRIPTION |
| Extent |
1 online resource. |
| 336 ## - CONTENT TYPE |
| Content type term |
text |
| Content type code |
txt |
| Source |
rdacontent |
| 337 ## - MEDIA TYPE |
| Media type term |
computer |
| Media type code |
c |
| Source |
rdamedia |
| 338 ## - CARRIER TYPE |
| Carrier type term |
online resource |
| Carrier type code |
cr |
| Source |
rdacarrier |
| 490 1# - SERIES STATEMENT |
| Series statement |
Colección Ciencias Sociales ; |
| Volume/sequential designation |
111 |
| 504 ## - BIBLIOGRAPHY, ETC. NOTE |
| Bibliography, etc. note |
Includes bibliographical references. |
| 505 0# - FORMATTED CONTENTS NOTE |
| Formatted contents note |
Esparta como modelo y contramodelo en la Ilustración / César Fornis -- El legado confederal griego en la Constitución de los EE. UU. / Clelia Martínez Maza -- La Historia de Grecia de Georges Grote y la Atenas de los liberales / Laura Sancho Rocher -- Los mitos de Pompeya : arqueología y fantasía / Mirella Romero Recio -- La Roma del fascismo / Antonio Duplá Ansuategui -- Roma nacionalsocialista / Salvador Mas Torres -- Leo Strauss y la Antigüedad neocon / Pedro López Barja de Quiroga -- Cuando Hércules le espantaba las moscas a Buda : negando el mundo grecorromano en la India / Fernando Wulff Alonso -- Mujeres en el cristianismo primitivo : entre la historia y el mito feminista contemporáneo / Gonzalo Fontana Elboj -- Imposturas célticas : celtismo, estereotipos salvajes, druidas, megalitos y melancolías neoceltas / Silvia Alfayé. |
| 588 0# - SOURCE OF DESCRIPTION NOTE |
| Source of description note |
Online resource; title from PDF title page (Digitalia, viewed April 20, 2020) |
| 650 #0 - SUBJECT ADDED ENTRY--TOPICAL TERM |
| Topical term or geographic name entry element |
Civilization, Classical |
| General subdivision |
Historiography. |
| 650 #0 - SUBJECT ADDED ENTRY--TOPICAL TERM |
| Topical term or geographic name entry element |
Civilization, Classical |
| General subdivision |
Influence. |
| 650 #0 - SUBJECT ADDED ENTRY--TOPICAL TERM |
| Topical term or geographic name entry element |
Civilization, Modern |
| General subdivision |
Classical influences. |
| 655 #0 - INDEX TERM--GENRE/FORM |
| Genre/form data or focus term |
Electronic books. |
| 700 1# - ADDED ENTRY--PERSONAL NAME |
| Personal name |
Sancho Rocher, Laura, |
| Relator term |
editor. |
| 791 2# - |
| -- |
Digitalia (Firm), |
| -- |
distributor. |
| 793 0# - |
| -- |
Digitalia eBook Collection: |
| -- |
Prensas Universitarias de Zaragoza |
| 776 08 - ADDITIONAL PHYSICAL FORM ENTRY |
| Relationship information |
Print version: |
| Title |
Antigüedad como paradigma. |
| Edition |
1a edición. |
| Place, publisher, and date of publication |
Zaragoza, España : Prensas de la Universidad de Zaragoza, 2015 |
| International Standard Book Number |
9788416515080 |
| Record control number |
(DLC) 2015425769 |
| -- |
(OCoLC)929590787 |
| 830 #0 - SERIES ADDED ENTRY--UNIFORM TITLE |
| Uniform title |
Ciencias sociales (Universidad de Zaragoza) ; |
| Volume/sequential designation |
111. |
| 856 40 - ELECTRONIC LOCATION AND ACCESS |
| Materials specified |
Digitalia Hispánica |
| Uniform Resource Identifier |
<a href="https://www.digitaliapublishing.com/a/59231/">https://www.digitaliapublishing.com/a/59231/</a> |
| 910 ## - USER-OPTION DATA (OCLC) |
| User-option data |
Premium collection: 2020 |
| 942 ## - ADDED ENTRY ELEMENTS (KOHA) |
| Koha item type |
Recurso Electrónico |